Vista normal
Vista MARC
Entrada Corporate Name
Número de registros utilizados en: 1
001 - CONTROL NUMBER
- control field: 17547
003 - CONTROL NUMBER IDENTIFIER
- control field: DLC
005 - DATE AND TIME OF LATEST TRANSACTION
- control field: 20251002162638.0
008 - FIXED-LENGTH DATA ELEMENTS
- fixed length control field: 981006n| acannaab| |n ana |||
010 ## - LIBRARY OF CONGRESS CONTROL NUMBER
- LC control number: n 98089942
040 ## - CATALOGING SOURCE
- Original cataloging agency: DLC
- Transcribing agency: Mx-PuUPA
- Language of cataloging: spa
- Modifying agency: Mx-PuUPA
- Description conventions: rda
110 20 - HEADING--CORPORATE NAME
- Corporate name or jurisdiction name as entry element: Reader's Digest Selecciones (Firm)
374 ## - OCCUPATION
- Occupation: Editor
377 ## - ASSOCIATED LANGUAGE
- Language code: eng
670 ## - SOURCE DATA FOUND
- Source citation: Diccionario inverso ilustrado, c1997:
- Information found: t.p. (Reader's Digest Selecciones)